Alex G Top Songs in Every Album - Statistics

General Stats
  • This quiz has been taken 7 times
  • The average score is 6 of 11
Answer Stats
Picture Answer % Correct
sarah
100%
gnaw
86%
harvey
86%
mis
86%
afterlife
57%
bobby
43%
gretel
43%
runner
29%
end song
14%
snot
14%
opening theme from the pink opaque
0%
No matching quizzes found
Score Distribution
Percent of People with Each Score
Percentile by Number Answered
Your Score History
You have not taken this quiz